Underwater Movies by Hint - Statistics

General Stats
  • This quiz has been taken 38 times
  • The average score is 8 of 15
Answer Stats
Hint Answer % Correct
"Let it Go" Frozen
97%
Jason Momoa Aquaman
91%
"Under the Sea" The Little Mermaid
91%
Dwayne Johnson sings!?! Moana
83%
Tom Hanks gets stuck on an island for years Cast Away
71%
Johnny Depp V.S. Geoffrey Rush Pirates of the Caribbean
60%
Amnesiac and worried dad try to find kid in Australia Finding Nemo
57%
Dad searches for boy, then finds him in a whale! Pinocchio
49%
Tom Hanks plays yet another captain Captain Phillips
43%
Ray Romano stars in this 2002 film about the --- --- Ice Age
43%
Kid gets tricked by Long John Silver Treasure Island
31%
2021 Pixar movie Luca
29%
Jake Gyllenhaal might day in 2 days cuz of Ice The Day After Tomorrow
20%
Air! Water! Fire! Earth! The Last Airbender
20%
Guys go under water in submarine to fight monsters 20,000 Leagues Under the Sea
11%
No matching quizzes found
Score Distribution
Percent of People with Each Score
Percentile by Number Answered
Your Score History
You have not taken this quiz